LEADER 00981nam0-22003131--450- 001 990008237320403321 005 20051130130438.0 020 $aIT$b666975 035 $a000823732 035 $aFED01000823732 035 $a(Aleph)000823732FED01 035 $a000823732 100 $a20051130d1966----km-y0itay50------ba 101 0 $aita 102 $aIT 105 $ay-------001yy 200 1 $aCristianesimo e storia$eriflessioni sul pensiero di S. Paolo, intorno ad alcuni fondamentali aspetti della vita sociale$fRuggero Meneghelli 210 $aPadova$cCEDAM$d1966 215 $a185 p.$d25 cm 225 1 $aPubblicazioni della Facoltà di giurisprudenza dell'Università di Padova$v45 676 $a261.6$v21$zita 700 1$aMeneghelli,$bRuggero$0181474 801 0$aIT$bUNINA$gRICA$2UNIMARC 901 $aBK 912 $a990008237320403321 952 $aUniversità 43 (45)$bs.i.$fFGBC 959 $aFGBC 996 $aCristianesimo e storia$9205042 997 $aUNINA LEADER 01263nam a2200289 i 4500 001 991004012479707536 005 20020509152443.0 008 980515s1913 uk ||| | eng 035 $ab11248361-39ule_inst 035 $aPARLA193184$9ExL 040 $aDip. di Filol. Class. e di Scienze Filosofiche$bita 041 0 $aenggrc 082 0 $a882.01 100 0 $aAristophanes$0602827 245 14$aThe peace of Aristophanes :$bacted at Athens at the great Dionysia, B.C. 421 :$bthe greek text revised with a translation into corresponding metres, introduction and commentary /$cby Benjamin Bickley Rogers 260 $aLondon :$bG. Bell and sons,$c1913 300 $axliii, 228 p. ;$c23 cm. 650 4$aAristofane - Pax$xCommenti 650 4$aAristofane - Pax$xEdizione critica 650 4$aAristofane - Pax$xStudio metrico 700 1 $aRogers, Benjamin Bickley$eauthor$4http://id.loc.gov/vocabulary/relators/aut$0190381 907 $a.b11248361$b08-07-16$c01-07-02 912 $a991004012479707536 945 $aLE007 880.1 Aristophanes 1913-01$g1$i2007000036600$lle007$o-$pE0.00$q-$rl$s- $t0$u0$v0$w0$x0$y.i11408091$z01-07-02 996 $aPeace of Aristophanes$93370624 997 $aUNISALENTO 998 $ale007$b01-01-98$cm$da $e-$feng$guk $h4$i1